Kameň múdrosti, alebo, Večné hľadanie

Bibliographic Details
Other Authors: Hartl, Břetislav, 1927-2010 (Compiler), Kocun, Ernest, 1928- (Translator)
Format: Book
Language:Slovak
Czech
PhysicalDescription:520 strán 18 cm
Published: Bratislava Mladé letá 1996
ISBN:800600675X
Edition:2. vyd.
Subjects:

MARC

LEADER 00000cam a2200000 a 4500
001 vtls001218811
003 SK-MaSNL
005 20260301112449.0
008 240621s1996 xo gr 00001 slo
015 |a SNBA1996/1002901 
020 |a 800600675X  |q (viazané) 
035 |a SNK000162628 
040 |a SNK  |b slo  |c SNK  |e AACR2 
041 1 |a slo  |h cze 
044 |a xo  |c SK 
072 7 |a 17  |x Etika. Morálna filozofia  |2 konspekt 
080 |a (0:82-84)  |2 2011 
080 |a 17.02  |2 2011 
245 0 0 |a Kameň múdrosti, alebo, Večné hľadanie  |c zostavil Břetislav Hartl ; [preložil Ernest Kocun] 
246 3 0 |a Večné hľadanie 
250 |a 2. vyd. 
260 |a Bratislava  |b Mladé letá  |c 1996 
300 |a 520 strán  |c 18 cm 
500 |a Ilustrácie na titulnej strane 
500 |a Preložené z češtiny 
650 0 7 |a životná múdrosť  |2 SNKPH  |9 4008 
655 7 |a citáty  |2 SNKPH  |9 70419 
700 1 |a Hartl, Břetislav,  |d 1927-2010  |4 com  |9 453215 
700 1 |a Kocun, Ernest,  |d 1928-  |4 trl  |9 38265 
852 |a Slovenská národná knižnica 
919 |a 80-06-00675-X 
954 |a beletria cudzojazyčná (svetová)  |2 lita 
958 |a RK 
958 |a TL 
958 |a CZ 
958 |a OND 
958 |a UP 
958 |a LX 
999 |c 710639  |d 712569 
952 |a SNK  |b SNK  |y NEVYP  |7 0  |o snkD 246  |i snk2249/960715  |0 0  |1 0  |4 0  |d 1996-07-11  |l 0  |r 2005-01-01 00:00:00  |w 2026-02-23 
952 |a SNK  |b SNK  |y PREZ  |7 0  |p 17A0006490  |o snkSD 67984  |i snkKSP 6172/96  |0 0  |1 0  |4 0  |d 1996-07-11  |l 0  |r 2005-01-01 00:00:00  |w 2026-02-23 
952 |a SNK  |b SNK  |y VYP  |7 0  |p 17A0006489  |o snkSD 67984 D1  |i snkKSP 6173/96  |0 0  |1 0  |4 0  |d 1996-07-11  |l 0  |r 2005-01-01 00:00:00  |w 2026-02-23